Statistics for Biggest Cities in South East Asia

Click here to take the quiz!

General Stats

  • This quiz has been taken 92 times
    (87 since last reset)
  • The average score is 14 of 26

Answer Stats

PopulationCountryCity% Correct
30,214,303IndonesiaJakarta
100%
8,280,925ThailandBangkok
97%
7,587,800VietnamHanoi
97%
5,535,000SingaporeSingapore
97%
8,224,400VietnamHo Chi Minh City
96%
22,710,000PhillippinesManila
96%
1,768,000MalaysiaKuala Lumpur
91%
1,501,725CambodiaPhnom Penh
84%
5,209,541MyanmarYangon
80%
2,765,487IndonesiaSurabaya
69%
2,394,873IndonesiaBandung
65%
2,097,610IndonesiaMedan
58%
1,007,400VietnamDa Nang
53%
1,225,133MyanmarMandalay
46%
1,449,296PhillippinesDavao City
45%
1,708,413IndonesiaPalembang
32%
2,103,500VietnamHaiphong
30%
1,338,633IndonesiaMakassar
27%
1,555,984IndonesiaSemarang
23%
1,035,280IndonesiaBatam
20%
1,237,300VietnamCan Tho
19%
1,000,096IndonesiaPadang
15%
1,167,101IndonesiaBandar Lampung
12%
1,093,416IndonesiaPekanbaru
11%
1,030,720IndonesiaBogor
9%
1,104,495VietnamBien Hoa
8%

Score Distribution

Percentile by Number Answered

Percent of People with Each Score

Your Score History

You have not taken this quiz since the last reset